000 01448nam a22003734a 4500
001 ebr10103780
003 CaPaEBR
006 m u
007 cr cn|||||||||
008 040621s2005 enk sb 001 0 eng
010 _z 2004054296
020 _z033399017X (paper)
040 _aCaPaEBR
_cCaPaEBR
035 _a(OCoLC)559942154
050 1 4 _aHD58.7
_b.B65 2005eb
082 0 4 _a658.3/14
_222
100 1 _aBolton, Sharon C.,
_d1960-
245 1 0 _aEmotion management in the workplace
_h[electronic resource] /
_cSharon C. Bolton.
260 _aHoundmills, Basingstoke, Hampshire ;
_aNew York :
_bPalgrave Macmillan,
_c2005.
300 _ax, 190 p.
490 1 _aManagement, work and organisations
504 _aIncludes bibliographical references (p. 165-177) and indexes.
533 _aElectronic reproduction.
_bPalo Alto, Calif. :
_cebrary,
_d2013.
_nAvailable via World Wide Web.
_nAccess may be limited to ebrary affiliated libraries.
650 0 _aOrganizational behavior.
650 0 _aEmotions.
650 0 _aEmployee motivation.
650 0 _aWork
_xPsychological aspects.
650 0 _aOrganizational sociology.
650 0 _aIndustrial management.
655 7 _aElectronic books.
_2local
710 2 _aebrary, Inc.
830 0 _aManagement, work and organisations.
856 4 0 _uhttp://site.ebrary.com/lib/rucke/Doc?id=10103780
_zAn electronic book accessible through the World Wide Web; click to view
999 _c206438
_d206438